[Event "Budapest op 4th"]
[Site "Budapest"]
[Date "2014.08.23"]
[Round "8"]
[White "Pakh, Alex"]
[Black "Dal Bianco, Nicola"]
[Result "1/2-1/2"]
[WhiteElo "1883"]
[BlackElo "1633"]
[PlyCount "54"]
[EventDate "2014.08.16"]
[EventType "swiss"]
[EventRounds "9"]
[EventCountry "HUN"]
[SourceTitle "CBM 161 Extra"]
[Source "ChessBase"]
[SourceDate "2014.08.29"]
[SourceVersion "1"]
[SourceVersionDate "2014.08.29"]
[SourceQuality "1"]

1. d4 f5 2. g3 g6 3. Bg2 Nf6 4. Nf3 Bg7 5. 0-0 0-0 6. Nbd2 d6 7. Re1 Nc6 8. e4 fxe4 9. Nxe4 Nxe4 10. Rxe4 Bf5 11. Re1 Bg4 12. c3 Qd7 13. Qb3+ Kh8 14. Ng5 e5 15. dxe5 Nxe5 16. Qxb7 Rae8 17. f4 Nf3+ 18. Nxf3 Bxf3 19. Rxe8 Bxb7 20. Rxf8+ Bxf8 21. Bxb7 Qb5 22. Bf3 Qd3 23. Kf2 d5 24. Be3 c6 25. Re1 h5 26. Bd4+ Kg8 27. Re6 Qc2+ 1/2-1/2

[Event "Budapest op 4th"]
[Site "Budapest"]
[Date "2014.08.19"]
[Round "4"]
[White "Kokeny, Norbert Adrian"]
[Black "Dal Bianco, Nicola"]
[Result "1-0"]
[WhiteElo "1916"]
[BlackElo "1633"]
[PlyCount "113"]
[EventDate "2014.08.16"]
[EventType "swiss"]
[EventRounds "9"]
[EventCountry "HUN"]
[SourceTitle "CBM 161 Extra"]
[Source "ChessBase"]
[SourceDate "2014.08.29"]
[SourceVersion "1"]
[SourceVersionDate "2014.08.29"]
[SourceQuality "1"]

1. d4 f5 2. Nf3 g6 3. g3 Nf6 4. Bg2 Bg7 5. c4 0-0 6. Nc3 d6 7. 0-0 Nc6 8. d5 Na5 9. Nd2 b6 10. Rb1 Nb7 11. b4 a5 12. a3 Ng4 13. Bb2 f4 14. Nce4 Bh6 15. Nf3 Bg7 16. Bxg7 Kxg7 17. Qd4+ Kg8 18. Rfc1 axb4 19. axb4 Bf5 20. gxf4 Ra2 21. Re1 Qa8 22. Rb3 Qa6 23. Nfg5 Nd8 24. Nxh7 Rf7 25. Nhg5 Rg7 26. Nc3 Ra3 27. Rb2 Nh6 28. e4 Bd7 29. Bf1 Qa8 30. Reb1 b5 31. cxb5 Ndf7 32. Nxf7 Nxf7 33. f3 Qc8 34. Rg2 Bh3 35. Rg3 Bd7 36. f5 g5 37. f4 g4 38. h3 Qf8 39. hxg4 Rh7 40. g5 Rh4 41. f6 e5 42. dxe6 Bxe6 43. g6 Qh6 44. gxf7+ Kxf7 45. Bg2 Qxf4 46. Ne2 Qxg3 47. Nxg3 Rxg3 48. Kf2 Rg6 49. Rg1 Rh2 50. Kf1 Rhxg2 51. Rxg2 Bh3 52. Qc4+ Kf8 53. Qxc7 Rxg2 54. Qd8+ Kf7 55. Qe7+ Kg8 56. f7+ Kh8 57. f8Q+ 1-0

[Event "Budapest op 08"]
[Site "Budapest"]
[Date "2012.08.25"]
[Round "8"]
[White "Gubics, Peter"]
[Black "Dal Bianco, Nicola"]
[Result "1-0"]
[WhiteElo "2149"]
[BlackElo "1705"]
[PlyCount "137"]
[EventDate "2012.08.18"]
[EventType "swiss"]
[EventRounds "9"]
[EventCountry "HUN"]
[SourceTitle "EXT 2014"]
[Source "ChessBase"]
[SourceDate "2013.11.20"]
[SourceVersion "1"]
[SourceVersionDate "2013.11.20"]
[SourceQuality "1"]

1. Nf3 Nf6 2. c4 g6 3. g3 Bg7 4. Bg2 0-0 5. 0-0 c6 6. d3 d6 7. Nc3 Bg4 8. h3 Bd7 9. Be3 Re8 10. Qb3 Qc7 11. Rab1 e5 12. Nd2 Be6 13. Qa3 Nbd7 14. Rfc1 a6 15. Nd5 Bxd5 16. cxd5 c5 17. b4 b6 18. Nc4 Bf8 19. bxc5 bxc5 20. Qa5 Qxa5 21. Nxa5 Rab8 22. Nc6 Rb5 23. a4 Rb6 24. Bg5 Kg7 25. a5 Rb5 26. h4 Ng8 27. Bd8 Ne7 28. Bc7 Nf5 29. e4 Nd4 30. Nxd4 exd4 31. f4 Rc8 32. Bxd6 Bxd6 33. e5 Nxe5 34. fxe5 Bxe5 35. Rxb5 axb5 36. a6 Bd6 37. a7 Ra8 38. Ra1 Kf8 39. Bh3 Ke7 40. Bc8 Rxc8 41. a8Q Rxa8 42. Rxa8 h5 43. Kg2 f5 44. Kf3 b4 45. Rg8 Kf7 46. Rd8 Ke7 47. Rg8 Kf6 48. Re8 Be7 49. Ke2 Kf7 50. Rc8 Bd6 51. Kf3 b3 52. Rc6 Ke7 53. Rb6 Kd7 54. Rxb3 Bc7 55. Ra3 Kd6 56. Ra6+ Kxd5 57. Rxg6 Bd8 58. Rg8 Bf6 59. Rf8 Ke6 60. Rc8 Kd6 61. Kf4 Be5+ 62. Kxf5 Bxg3 63. Kg5 Bf2 64. Kxh5 Be1 65. Kg5 Ba5 66. h5 Bc7 67. h6 c4 68. h7 c3 69. h8Q 1-0

[Event "Budapest op 08"]
[Site "Budapest"]
[Date "2012.08.22"]
[Round "5"]
[White "Dal Bianco, Nicola"]
[Black "Lakat, Gyula"]
[Result "1-0"]
[WhiteElo "1705"]
[BlackElo "1896"]
[PlyCount "105"]
[EventDate "2012.08.18"]
[EventType "swiss"]
[EventRounds "9"]
[EventCountry "HUN"]
[SourceTitle "EXT 2014"]
[Source "ChessBase"]
[SourceDate "2013.11.20"]
[SourceVersion "1"]
[SourceVersionDate "2013.11.20"]
[SourceQuality "1"]

1. c4 f5 2. d4 Nf6 3. Nc3 g6 4. Nf3 Bg7 5. Bg5 0-0 6. e3 d6 7. Be2 Nbd7 8. 0-0 h6 9. Bf4 g5 10. Bg3 b6 11. d5 Nc5 12. Nd4 Bd7 13. f3 a5 14. Qc2 Nh5 15. Bf2 e5 16. dxe6 Bxe6 17. Nxe6 Nxe6 18. Bd3 Bxc3 19. Qxc3 Qf6 20. Qd2 Nhg7 21. Rad1 Nc5 22. Bb1 Na4 23. Qd5+ Qf7 24. Qxf7+ Rxf7 25. Rd2 Ne6 26. e4 f4 27. Re1 Nac5 28. e5 dxe5 29. Rxe5 Rf6 30. h3 Kf7 31. Rd1 Re8 32. Be1 Ng7 33. Rxe8 Nxe8 34. Kf2 Rd6 35. Rxd6 Nxd6 36. b3 Ne6 37. Bc3 c5 38. Be5 Ke7 39. g4 fxg3+ 40. Kxg3 Nd4 41. Kg4 Nf7 42. Bc7 b5 43. cxb5 Nxb5 44. Bxa5 Nd4 45. Be4 Kf6 46. Bc7 Ne6 47. Bb8 Ng7 48. a4 h5+ 49. Kg3 Ne5 50. Bxe5+ Kxe5 51. a5 Ne6 52. a6 Nc7 53. a7 1-0

[Event "Mestre Ragazzini Memorial 2nd"]
[Site "Mestre"]
[Date "2011.05.22"]
[Round "5"]
[White "Tonolo, Maurizio"]
[Black "Dal Bianco, Nicola"]
[Result "0-1"]
[WhiteElo "1788"]
[BlackElo "1610"]
[PlyCount "72"]
[EventDate "2011.05.20"]
[EventType "swiss"]
[EventRounds "5"]
[EventCountry "ITA"]
[SourceTitle "EXT 2022"]
[Source "ChessBase"]
[SourceDate "2021.10.06"]
[SourceVersion "1"]
[SourceVersionDate "2021.10.06"]
[SourceQuality "1"]

1. d4 Nf6 2. Nf3 e6 3. e3 b6 4. Bd3 Bb7 5. b3 Be7 6. Bb2 d6 7. Nbd2 Nbd7 8. 0-0 c5 9. c4 0-0 10. Re1 Qc7 11. Rc1 Rad8 12. Qe2 Rfe8 13. e4 cxd4 14. Nxd4 e5 15. Nb5 Qb8 16. Nc3 Nc5 17. Bb1 Ne6 18. Nd5 Nxd5 19. exd5 Nf4 20. Qe4 g6 21. g3 Nh3+ 22. Kf1 Ng5 23. Qg2 Bc8 24. g4 f6 25. h4 Nf7 26. a4 Bd7 27. f3 Qc8 28. Kg1 Kh8 29. Kh2 Rg8 30. Rg1 h5 31. Rcf1 hxg4 32. fxg4 Nh6 33. Kh1 Nxg4 34. Qf3 f5 35. Rxg4 fxg4 36. Qe3 Rg7 0-1

[Event "Mogliano Veneto op-B 32nd"]
[Site "Mogliano Veneto"]
[Date "2011.04.30"]
[Round "3"]
[White "Dal Bianco, Nicola"]
[Black "Tonolo, Maurizio"]
[Result "1-0"]
[WhiteElo "1620"]
[BlackElo "1788"]
[PlyCount "81"]
[EventDate "2011.04.29"]
[EventType "swiss"]
[EventRounds "5"]
[EventCountry "ITA"]
[SourceTitle "EXT 2024"]
[Source "ChessBase"]
[SourceDate "2023.10.10"]
[SourceVersion "1"]
[SourceVersionDate "2023.10.10"]
[SourceQuality "1"]

1. c4 c5 2. Nc3 Nc6 3. Nf3 g6 4. e3 Bg7 5. d4 cxd4 6. exd4 d6 7. Be2 Bg4 8. Be3 Nf6 9. 0-0 0-0 10. Qd2 Rc8 11. Rac1 a6 12. Rfd1 d5 13. c5 Ne8 14. a3 Nc7 15. Na4 e6 16. Nb6 Rb8 17. a4 f6 18. h3 Bxf3 19. Bxf3 g5 20. g3 h6 21. Kh2 Qe7 22. h4 Rbd8 23. hxg5 fxg5 24. Kg2 Qf7 25. Qe2 Ne7 26. Rh1 Nf5 27. Qd3 Nh4+ 28. gxh4 Qxf3+ 29. Kg1 g4 30. Rh2 e5 31. dxe5 Kh8 32. Qg6 Qf5 33. h5 d4 34. Bxh6 Bxh6 35. Qxh6+ Kg8 36. Qg6+ Qxg6 37. hxg6 d3 38. Rh7 Ne6 39. Nd7 Rf4 40. Nf6+ Kf8 41. Rf7# 1-0

[Event "Mogliano Veneto op-B 32nd"]
[Site "Mogliano Veneto"]
[Date "2011.04.29"]
[Round "1"]
[White "Dal Bianco, Nicola"]
[Black "Ballarin, Gabriele"]
[Result "0-1"]
[WhiteElo "1620"]
[BlackElo "1825"]
[PlyCount "126"]
[EventDate "2011.04.29"]
[EventType "swiss"]
[EventRounds "5"]
[EventCountry "ITA"]
[SourceTitle "EXT 2024"]
[Source "ChessBase"]
[SourceDate "2023.10.10"]
[SourceVersion "1"]
[SourceVersionDate "2023.10.10"]
[SourceQuality "1"]

1. c4 e5 2. Nc3 d6 3. g3 f5 4. Bg2 Nf6 5. d4 c6 6. dxe5 dxe5 7. Qxd8+ Kxd8 8. Bg5 Be6 9. Nf3 Nbd7 10. Rd1 Kc7 11. Bxf6 gxf6 12. Nd2 Bh6 13. Bh3 Rae8 14. 0-0 Rhg8 15. e3 a5 16. a3 Nc5 17. b4 axb4 18. axb4 Nd3 19. b5 Nc5 20. Ra1 Ra8 21. Rfb1 Rgd8 22. b6+ Kb8 23. Rxa8+ Kxa8 24. Nf3 Bf8 25. Nh4 Bxc4 26. Bxf5 Bg8 27. Nf3 Be7 28. g4 h6 29. Nh4 Rd6 30. h3 Bd8 31. Ne4 Nxe4 32. Bxe4 Be6 33. f4 c5 34. fxe5 fxe5 35. Nf3 Rxb6 36. Ra1+ Kb8 37. Nxe5 Bf6 38. Rc1 Bxe5 39. Rxc5 Bf6 40. Kf2 Bd7 41. Kg3 Bc6 42. Bf5 Rb5 43. Rc2 Be5+ 44. Kh4 Rb3 45. Kh5 Rxe3 46. h4 Bf4 47. Rf2 Be8+ 48. Bg6 Re5+ 49. g5 Bxg6+ 50. Kxh6 Bxg5+ 51. hxg5 Re6 52. Rf6 Rxf6 53. gxf6 Bf7 54. Kg5 Kc7 55. Kf5 Kd6 56. Ke4 Kc5 57. Kd3 Kb4 58. Kc2 Ka3 59. Kb1 b5 60. Ka1 b4 61. Kb1 b3 62. Ka1 b2+ 63. Kb1 Bg6# 0-1

[Event "Budapest Karacsonyi op 2nd"]
[Site "Budapest"]
[Date "2010.12.27"]
[Round "1"]
[White "Dal Bianco, Nicola"]
[Black "Farkas, Richard"]
[Result "0-1"]
[WhiteElo "1605"]
[BlackElo "2005"]
[PlyCount "64"]
[EventDate "2010.12.27"]
[EventType "swiss"]
[EventRounds "7"]
[EventCountry "HUN"]
[SourceTitle "EXT 2022"]
[Source "ChessBase"]
[SourceDate "2021.10.06"]
[SourceVersion "1"]
[SourceVersionDate "2021.10.06"]
[SourceQuality "1"]

1. c4 e5 2. Nc3 Bb4 3. Qc2 Nc6 4. Nf3 d6 5. a3 Bxc3 6. Qxc3 f5 7. d4 Qe7 8. Bg5 Nf6 9. dxe5 dxe5 10. e3 0-0 11. Be2 h6 12. Bxf6 Qxf6 13. 0-0 g5 14. Rad1 g4 15. Nd2 Be6 16. b4 Rf7 17. c5 h5 18. b5 Ne7 19. Nc4 Ng6 20. f3 f4 21. Bd3 gxf3 22. Rxf3 e4 23. Qxf6 Rxf6 24. Bxe4 Bxc4 25. Rd7 Ne5 26. Bd5+ Bxd5 27. Rxd5 Nxf3+ 28. gxf3 fxe3 29. Re5 Rxf3 30. Kg2 Raf8 31. Rg5+ Kh7 32. Rxh5+ Kg6 0-1

[Event "Chioggia op-B 05th"]
[Site "Chioggia"]
[Date "2010.10.10"]
[Round "4"]
[White "Dal Bianco, Nicola"]
[Black "Cavazzini, Umberto"]
[Result "1-0"]
[WhiteElo "1595"]
[BlackElo "1698"]
[PlyCount "83"]
[EventDate "2010.10.08"]
[EventType "swiss"]
[EventRounds "5"]
[EventCountry "ITA"]
[SourceTitle "EXT 2022"]
[Source "ChessBase"]
[SourceDate "2021.10.06"]
[SourceVersion "1"]
[SourceVersionDate "2021.10.06"]
[SourceQuality "1"]

1. c4 Nf6 2. Nc3 g6 3. e4 Nc6 4. d4 d6 5. Nf3 Bg7 6. Be2 0-0 7. 0-0 a5 8. Bg5 h6 9. Bf4 Nh5 10. Be3 Nf6 11. d5 Nb4 12. a3 Na6 13. Qc2 c5 14. Nd2 Ng4 15. Bxg4 Bxg4 16. f4 Bd7 17. f5 g5 18. g4 Nc7 19. a4 Ne8 20. Nf3 Nf6 21. h3 e5 22. Qg2 Nh7 23. Kf2 f6 24. Rh1 Kf7 25. h4 Rh8 26. hxg5 fxg5 27. Rh2 Nf6 28. Rah1 Qe8 29. b3 Qd8 30. Nd2 Qb6 31. Nb5 Bxb5 32. cxb5 Qc7 33. Kf3 Nd7 34. Nc4 Nb6 35. Bd2 Nxc4 36. bxc4 b6 37. Qh3 Qe7 38. Qh5+ Kg8 39. Qg6 Qf6 40. Qxf6 Bxf6 41. Rxh6 Kf7 42. Rxh8 1-0

[Event "Noale Szabados Memorial-B 3rd"]
[Site "Noale"]
[Date "2010.02.07"]
[Round "5"]
[White "Dal Bianco, Nicola"]
[Black "Zangrando, Gianpietro"]
[Result "0-1"]
[WhiteElo "1592"]
[BlackElo "1830"]
[PlyCount "116"]
[EventDate "2010.02.05"]
[EventType "swiss"]
[EventRounds "5"]
[EventCountry "ITA"]
[SourceTitle "EXT 2022"]
[Source "ChessBase"]
[SourceDate "2021.10.06"]
[SourceVersion "1"]
[SourceVersionDate "2021.10.06"]
[SourceQuality "1"]

1. c4 f5 2. d4 Nf6 3. Nc3 e6 4. Nf3 Be7 5. g3 0-0 6. Bg2 Ne4 7. Qc2 d5 8. cxd5 exd5 9. 0-0 c6 10. Be3 Nd7 11. a3 Ndf6 12. b4 Nxc3 13. Qxc3 Ne4 14. Qc2 a6 15. Nd2 Bd6 16. f4 Nxd2 17. Bxd2 Qf6 18. e3 Bd7 19. a4 Qe6 20. a5 Qe7 21. Rab1 Kh8 22. Kh1 Rae8 23. Qb2 Rf6 24. Rf2 Rh6 25. Bf3 Rg8 26. Kg1 Rg6 27. Rg2 Rf6 28. h4 Be8 29. Kf2 Rh6 30. Rh1 Bh5 31. g4 fxg4 32. Bxg4 Bxg4 33. Rxg4 Qe4 34. Rhg1 Be7 35. Kg3 Bf6 36. Bc1 Qe7 37. Rh1 Re8 38. Qh2 Qe4 39. Qg2 Qe7 40. h5 Qxb4 41. f5 Qd6+ 42. Kf2 Qb4 43. Qf3 Qe7 44. Kg2 Bg5 45. e4 Bxc1 46. Rxc1 dxe4 47. Qg3 Rxh5 48. Re1 e3 49. f6 Qxf6 50. Rxe3 Rf8 51. Re1 Rf5 52. Re2 Qf7 53. Qh4 Qd5+ 54. Ree4 Qf7 55. Re2 Rxa5 56. Ree4 Qf1+ 57. Kh2 Ra2+ 58. Kg3 Qf3# 0-1

[Event "Chioggia op-B 04th"]
[Site "Chioggia"]
[Date "2009.10.11"]
[Round "5"]
[White "Dal Bianco, Nicola"]
[Black "Ballarin, Gabriele"]
[Result "0-1"]
[WhiteElo "1593"]
[BlackElo "1749"]
[PlyCount "92"]
[EventDate "2009.10.09"]
[EventType "swiss"]
[EventRounds "5"]
[EventCountry "ITA"]
[SourceTitle "EXT 2022"]
[Source "ChessBase"]
[SourceDate "2021.10.06"]
[SourceVersion "1"]
[SourceVersionDate "2021.10.06"]
[SourceQuality "1"]

1. c4 e5 2. Nc3 g6 3. d4 exd4 4. Qxd4 Qf6 5. e3 Nc6 6. Qe4+ Qe6 7. Bd3 Nf6 8. Qxe6+ fxe6 9. a3 Bg7 10. Nb5 Kd8 11. Rb1 a6 12. Nc3 Ne5 13. Be2 d6 14. Nf3 Nxf3+ 15. Bxf3 Nd7 16. Ne4 Ne5 17. Be2 Bd7 18. 0-0 Bc6 19. Ng5 Ke7 20. b4 h6 21. Nh3 b5 22. Bb2 Rhg8 23. Rbc1 Kd7 24. Bxe5 Bxe5 25. Rc2 Be4 26. Ra2 Rgb8 27. f3 Bc6 28. Nf2 bxc4 29. Bxc4 d5 30. Nd3 Bd6 31. Bb3 a5 32. Rfa1 axb4 33. axb4 Rxa2 34. Rxa2 Bb5 35. Nc5+ Bxc5 36. bxc5 Bc6 37. Ba4 Bxa4 38. Rxa4 Rb2 39. Kf1 Rc2 40. Ra5 g5 41. h3 h5 42. Kg1 e5 43. g4 hxg4 44. hxg4 Re2 45. e4 dxe4 46. Kf1 exf3 0-1

[Event "Monselice Province-ch"]
[Site "Monselice"]
[Date "2009.01.10"]
[Round "2"]
[White "Alibertis, Nikolaos"]
[Black "Dal Bianco, Nicola"]
[Result "1-0"]
[WhiteElo "1717"]
[BlackElo "1566"]
[PlyCount "93"]
[EventDate "2009.01.09"]
[EventType "swiss"]
[EventRounds "7"]
[EventCountry "ITA"]
[SourceTitle "EXT 2011"]
[Source "ChessBase"]
[SourceDate "2010.11.26"]
[SourceVersion "1"]
[SourceVersionDate "2010.11.26"]
[SourceQuality "1"]

1. d4 Nf6 2. Nf3 e6 3. c4 b6 4. Nc3 Bb7 5. a3 d6 6. Bg5 Nbd7 7. Qc2 h6 8. Bh4 g5 9. Bg3 Nh5 10. e4 Nxg3 11. hxg3 Qe7 12. Be2 h5 13. Nd2 h4 14. Nb5 Nf6 15. gxh4 a6 16. Nc3 0-0-0 17. h5 g4 18. 0-0-0 Rg8 19. g3 Nh7 20. Rh4 f5 21. exf5 exf5 22. Qxf5+ Kb8 23. d5 Bh6 24. Qe6 Qf8 25. Rxg4 Rxg4 26. Qxg4 Qxf2 27. Qf3 Qd4 28. Qd3 Qg7 29. Qg6 Bxd2+ 30. Rxd2 Qe7 31. Qe4 Qf7 32. Bd3 Nf6 33. Qg6 Qf8 34. Rf2 Qe7 35. Qxf6 Qe1+ 36. Nd1 Re8 37. Qf3 Bc8 38. Re2 Rxe2 39. Bxe2 Qg1 40. g4 Bd7 41. h6 Qh2 42. g5 Qh4 43. Qe3 Kb7 44. g6 Qf6 45. g7 Qf7 46. Bh5 Qg8 47. Bg6 1-0